Catalog

Record Details

Catalog Search



Mittelpunkt Mensch : Ethik in der Medizin : ein Lehrbuch  Cover Image Book Book

Mittelpunkt Mensch : Ethik in der Medizin : ein Lehrbuch / Giovanni Maio ; mit einem Geleitwort von Wilhelm Vossenkuhl

Maio, Giovanni, 1964- (Author). Vossenkuhl, Wilhelm, 1945- (Author of introduction, etc.).

Record details

  • ISBN: 978-3-7945-2448-8
  • Physical Description: xix, 424 s. : il. ; 24 cm
  • Edition: 1., korrigierter Nachdr. der 1. Aufl.
  • Publisher: Stuttgart : Schattauer, c2012

Content descriptions

Bibliography, etc. Note:
Obsahuje bibliografické odkazy a rejstříky
Subject: lékařská etika
Genre: učebnice

Available copies

  • 1 of 1 copy available at Common Catalog SPOK.

Holds

  • 0 current holds with 1 total copy.
Show Only Available Copies
Location Call Number / Copy Notes Barcode Shelving Location Status Due Date
Jabok Library ET-8/M 424480027267 Odborná literatura Available -

LDR 01050nam a22003017a 4500
00116691
003CZ-PrJAB
00520200403090604.0
007ta
008130503s2012 gw |||| ||ger||
020 . ‡a978-3-7945-2448-8 ‡q(váz.)
035 . ‡a(CZ PrSKC)000206311
040 . ‡aCBD005 ‡bcze ‡eAACR2 ‡91
072 7. ‡a17 ‡xEtika. Morální filozofie ‡2Konspekt ‡95
080 . ‡a614.253 ‡2MRF
080 . ‡a(075) ‡2MRF
1001 . ‡aMaio, Giovanni, ‡d1964- ‡7jcu2013759168 ‡4aut
24510. ‡aMittelpunkt Mensch : ‡bEthik in der Medizin : ein Lehrbuch / ‡cGiovanni Maio ; mit einem Geleitwort von Wilhelm Vossenkuhl
250 . ‡a1., korrigierter Nachdr. der 1. Aufl.
260 . ‡aStuttgart : ‡bSchattauer, ‡cc2012
300 . ‡axix, 424 s. : ‡bil. ; ‡c24 cm
504 . ‡aObsahuje bibliografické odkazy a rejstříky
65007. ‡alékařská etika ‡7ph115193 ‡2czenas
655 7. ‡aučebnice ‡7fd133770 ‡2czenas
7001 . ‡aVossenkuhl, Wilhelm, ‡d1945- ‡7jx20070525020 ‡4aui
910 . ‡aABG312 ‡x16691 ‡wl
901 . ‡a16691 ‡bCZ-PrJAB ‡c16691 ‡tbiblio

Additional Resources